000 00833nam a22002897a 4500
003 OSt
005 20221011143126.0
008 221011b |||||||| |||| 00| 0 eng d
040 _c311624
049 _aEM0000042483
056 _aYMY
090 _a235.311
090 _bP928e
100 _aPCUSA
245 _aAn Evalution of " An Advisory Study"
_dPCUSA
260 _bKorea Mission Commission on Ecumenical Mission and Relations United Presbyterian Church in the United States of America
260 _c1962
300 _ap.
_c22cm
505 _a1. "Mansei" Little Martyrs of Korea(1919) 2.Korea Must Be Free 포함
541 _a이만열문고
653 _a한국선교
653 _a미북장로교
653 _a미북장로회
653 _a선교보고서
653 _a선교문서
942 _2ddc
_cBK
999 _c10091
_d10091